000 00816cab a2200265 4500
001 WB3505-19
008 090401t1999 xxu||||| |||| 00| 0 eng d
035 _a(Sirsi) u91126
041 _aeng
245 _aWhy buy property shares?
260 _c1999
350 _a0
490 _aFinancial Times
_v5 February 1999, 27(1)
520 _aConsiders why institutional investors continue to buy UK property shares in the light of poor returns over the last twenty years. Table.
650 _aINSTITUTIONAL INVESTORS
650 _aPROPERTY ASSETS
650 _aPROPERTY COMPANIES
650 _aPROPERTY INVESTMENT
650 _aPROPERTY PORTFOLIOS
650 _aPROPERTY RETURNS
650 _aPROPERTY SHARES
690 _aPROPERTY-PROPERTY FINANCE AND INVESTMENT
942 _n0
948 _c05/02/1999
999 _c57825
_d57825